Concepts and categories : philosophical essays
Saved in:
| Main Author: | |
|---|---|
| Other Authors: | |
| Format: | Book |
| Language: | English |
| Published: |
New York :
The Viking Press,
1978.
|
| Subjects: | |
| Tags: |
Add Tag
No Tags, Be the first to tag this record!
|
MARC
| LEADER | 00000cam a2200000 a 4500 | ||
|---|---|---|---|
| 001 | 1/109455 | ||
| 008 | 151211s1978####enk| ||| |||||||eng|| | ||
| 020 | |a 0670235520 | ||
| 040 | |a GR-MyUa |b gre |c GR-MyUa |e AACR2 | ||
| 041 | 0 | |a eng | |
| 082 | 7 | |a 192 |2 (23) | |
| 100 | 1 | |a Berlin, Isaiah, |d 1909-1997. | |
| 245 | 1 | 0 | |a Concepts and categories : |b philosophical essays / |c Isaiah Berlin ; edited by Henry Hardy ; with an introd. by Bernard Williams. |
| 260 | |a New York : |b The Viking Press, |c 1978. | ||
| 300 | |a xix, 202 σ. ; |c 22 εκ. | ||
| 504 | |a Περιλαμβάνει βιβλιογραφία και ευρετήριο. | ||
| 650 | 0 | |a Logic | |
| 650 | 0 | |a Philosophy. | |
| 700 | 1 | |a Hardy, Henry, |e edt | |
| 852 | |a INST |b LESVOS |e 20151211 |h 192 BER |p 005100057849 |q 005100057849 |t BK |y 0 | ||
| 970 | |a Τζαφέρη |b Ευαγγελία |z 11-12-2015 | ||